[Event "EU-ch Blitz"]
[Site "Zagreb"]
[Date "2023.12.16"]
[Round "8"]
[White "Ivanchuk, Vassily"]
[Black "Krsnik Cohar, Ivan Vihor"]
[Result "1-0"]
[WhiteElo "2625"]
[BlackElo "2331"]
[PlyCount "72"]
[EventDate "2023.12.16"]
[EventType "swiss (blitz)"]
[EventRounds "13"]
[EventCountry "CRO"]
[SourceTitle "CB51_2023"]
[SourceDate "2023.12.20"]
[SourceVersion "1"]
[SourceVersionDate "2023.12.20"]
[SourceQuality "1"]

1. d4 Nf6 2. c4 g6 3. Nc3 d5 4. Nf3 Bg7 5. Bf4 0-0 6. Rc1 c6 7. e3 Bg4 8. h3 Bxf3 9. Qxf3 e6 10. Bd3 Nbd7 11. 0-0 h6 12. Rfd1 Re8 13. Bh2 Qe7 14. Bf1 Rad8 15. a3 Kh7 16. Qe2 dxc4 17. Qxc4 Nb6 18. Qb3 Nbd5 19. Na4 Ne4 20. Bd3 Nxf2 21. Kxf2 Nxe3 22. Kxe3 Bxd4+ 23. Ke2 Qg5 24. Be4 f5 25. Bf3 e5 26. Kf1 e4 27. Be2 b5 28. Nc5 Qf6 29. Nb7 Rd7 30. Na5 Re6 31. Bg1 c5 32. Rxc5 Red6 33. Bxd4 Rxd4 34. Rxd4 Qxd4 35. Rc2 f4 36. Nc6 Qf6 1-0

[Event "EU-ch Blitz"]
[Site "Zagreb"]
[Date "2023.12.16"]
[Round "4"]
[White "Kadric, Denis"]
[Black "Krsnik Cohar, Ivan Vihor"]
[Result "1-0"]
[WhiteElo "2587"]
[BlackElo "2331"]
[PlyCount "89"]
[EventDate "2023.12.16"]
[EventType "swiss (blitz)"]
[EventRounds "13"]
[EventCountry "CRO"]
[SourceTitle "CB51_2023"]
[SourceDate "2023.12.20"]
[SourceVersion "1"]
[SourceVersionDate "2023.12.20"]
[SourceQuality "1"]

1. e4 c5 2. Nc3 g6 3. Nge2 Nc6 4. d4 cxd4 5. Nxd4 Bg7 6. Be3 d6 7. Bc4 Nf6 8. f3 0-0 9. Bb3 a5 10. Ndb5 a4 11. Bxa4 d5 12. exd5 Nxd5 13. Qxd5 Qxd5 14. Nxd5 Rxa4 15. c3 Be6 16. Nbc7 Bf5 17. Nb6 Ra5 18. a3 Be5 19. Ncd5 Rb5 20. 0-0-0 Rd8 21. Nxe7+ Nxe7 22. Rxd8+ Kg7 23. Nc4 Bc7 24. Rd2 Nd5 25. Bd4+ f6 26. g3 h5 27. Ne3 Ne7 28. Nxf5+ Nxf5 29. Re1 h4 30. g4 Nxd4 31. Rxd4 Bxh2 32. f4 Bg3 33. Re7+ Kh6 34. Re8 Rc5 35. Kd2 Rc7 36. Ke2 Kg7 37. Kf3 Kf7 38. Red8 Ke6 39. Re4+ Kf7 40. Rd2 Kf8 41. Kg2 Kf7 42. Kh3 Kf8 43. Rd3 Kf7 44. Rxg3 hxg3 45. Kxg3 1-0

[Event "EU-ch Blitz"]
[Site "Zagreb"]
[Date "2023.12.16"]
[Round "13"]
[White "Krsnik Cohar, Ivan Vihor"]
[Black "Sahidi, Samir"]
[Result "1/2-1/2"]
[WhiteElo "2331"]
[BlackElo "2476"]
[PlyCount "117"]
[EventDate "2023.12.16"]
[EventType "swiss (blitz)"]
[EventRounds "13"]
[EventCountry "CRO"]
[SourceTitle "CB51_2023"]
[SourceDate "2023.12.20"]
[SourceVersion "1"]
[SourceVersionDate "2023.12.20"]
[SourceQuality "1"]

1. e4 c6 2. d4 d5 3. Nc3 dxe4 4. Nxe4 Bf5 5. Ng3 Bg6 6. h4 h6 7. Nh3 e6 8. Bc4 Nf6 9. c3 Bd6 10. Bf4 0-0 11. Qd2 Qc7 12. 0-0-0 Nbd7 13. Rhe1 Rfe8 14. Bxd6 Qxd6 15. Nf4 Bh7 16. Ngh5 Rad8 17. f3 b5 18. Nxf6+ Nxf6 19. Bd3 Bxd3 20. Nxd3 Qg3 21. Qf4 Qxf4+ 22. Nxf4 a5 23. g4 Nd5 24. Nd3 a4 25. a3 Rc8 26. g5 Kh7 27. Ne5 Re7 28. Rg1 c5 29. dxc5 Rxc5 30. Nxf7 Nf4 31. g6+ Nxg6 32. Nd6 Nxh4 33. Ne4 Rf5 34. Nd6 Rxf3 35. Nxb5 e5 36. Nd6 Rf2 37. Ne4 Re2 38. Ng3 Rh2 39. Rge1 Nf3 40. Re3 Ng5 41. Nf5 Rb7 42. Rd2 Rxd2 43. Kxd2 Rxb2+ 44. Kd3 e4+ 45. Kc4 Rb3 46. Re1 Rxa3 47. Rb1 Rb3 48. Ra1 Rb7 49. Rxa4 Rc7+ 50. Kd4 Ne6+ 51. Ke5 Nf8 52. Kxe4 Rxc3 53. Ra7 Ne6 54. Ke5 Rc6 55. Re7 Ra6 56. Rxe6 Rxe6+ 57. Kxe6 Kg6 58. Nxg7 Kxg7 59. Kf5 1/2-1/2

[Event "CRO-chT1A 31st"]
[Site "Veli Losinj"]
[Date "2023.10.17"]
[Round "7.2"]
[White "Stevic, Hrvoje"]
[Black "Krsnik Cohar, Ivan Vihor"]
[Result "1/2-1/2"]
[WhiteElo "2549"]
[BlackElo "2336"]
[PlyCount "66"]
[EventDate "2023.10.11"]
[EventType "team-tourn"]
[EventRounds "7"]
[EventCountry "CRO"]
[SourceTitle "Mega2024 Update 01"]
[Source "Chessbase"]
[SourceDate "2023.11.12"]
[SourceVersion "1"]
[SourceVersionDate "2023.11.12"]
[SourceQuality "1"]
[WhiteTeam "Zagreb Zagreb"]
[BlackTeam "Pula"]
[WhiteTeamCountry "CRO"]
[BlackTeamCountry "CRO"]

1. e4 e5 2. Nf3 Nc6 3. Nc3 Nf6 4. Bb5 Nd4 5. 0-0 Nxb5 6. Nxb5 c6 7. Nc3 d6 8. d4 Bg4 9. dxe5 Bxf3 10. Qxf3 dxe5 11. Rd1 Qc7 12. Bh6 Nd7 13. Be3 Be7 14. Qg4 g6 15. Bh6 0-0-0 16. Qf3 f6 17. Qh3 Rhe8 18. Be3 h5 19. Rd3 Kb8 20. Qe6 Nf8 21. Qf7 Rxd3 22. cxd3 Qd7 23. d4 exd4 24. Bxd4 Bc5 25. Qxd7 Nxd7 26. Rd1 Bxd4 27. Rxd4 Kc7 28. f4 b5 29. Kf2 Nc5 30. Ke3 Ne6 31. Rd2 Nc5 32. Rd4 Ne6 33. Rd2 Nc5 1/2-1/2

[Event "CRO-chT1A 31st"]
[Site "Veli Losinj"]
[Date "2023.10.13"]
[Round "3.2"]
[White "Krsnik Cohar, Ivan Vihor"]
[Black "Kadric, Denis"]
[Result "0-1"]
[WhiteElo "2336"]
[BlackElo "2579"]
[PlyCount "63"]
[EventDate "2023.10.11"]
[EventType "team-tourn"]
[EventRounds "7"]
[EventCountry "CRO"]
[SourceTitle "Mega2024 Update 01"]
[Source "Chessbase"]
[SourceDate "2023.11.12"]
[SourceVersion "1"]
[SourceVersionDate "2023.11.12"]
[SourceQuality "1"]
[WhiteTeam "Pula"]
[BlackTeam "Split Mornar"]
[WhiteTeamCountry "CRO"]
[BlackTeamCountry "CRO"]

1. d4 d6 2. Bf4 Nf6 3. Nc3 Nbd7 4. Nf3 c5 5. d5 Qa5 6. Qd2 b5 7. e3 a6 8. Qd3 Nh5 9. Bg3 Nxg3 10. hxg3 g6 11. Be2 Bg7 12. 0-0 0-0 13. Nd1 c4 14. Qe4 Nf6 15. Qh4 Nxd5 16. e4 Nf6 17. c3 Bb7 18. Nd2 e6 19. a4 Qb6 20. Ne3 Rfe8 21. axb5 axb5 22. Rxa8 Rxa8 23. Bf3 Nd7 24. Ng4 h5 25. Ne3 Bf6 26. Qh3 Bg5 27. Re1 Ra2 28. Ndf1 Rxb2 29. g4 h4 30. g3 Ne5 31. gxh4 Bxh4 32. Be2 0-1

[Event "Titled Tuesday intern op 20th Jun Late"]
[Site "Chess.com INT"]
[Date "2023.06.20"]
[Round "2"]
[White "Nazari, Arad"]
[Black "Krsnik Cohar, Ivan Vihor"]
[Result "1-0"]
[WhiteElo "2367"]
[BlackElo "2336"]
[PlyCount "87"]
[EventDate "2023.06.20"]
[EventType "swiss (blitz)"]
[EventRounds "11"]
[EventCountry "USA"]
[SourceTitle "EXT 2024"]
[Source "ChessBase"]
[SourceDate "2023.10.10"]
[SourceVersion "1"]
[SourceVersionDate "2023.10.10"]
[SourceQuality "1"]

1. e4 c5 2. Nf3 g6 3. d4 cxd4 4. Qxd4 Nf6 5. Nc3 Nc6 6. Qa4 d6 7. e5 dxe5 8. Nxe5 Bd7 9. Nxd7 Qxd7 10. Bb5 Bg7 11. 0-0 0-0 12. Be3 a6 13. Bxc6 Qxc6 14. Qxc6 bxc6 15. Bd4 Nd5 16. Bxg7 Kxg7 17. Na4 Rfd8 18. a3 Rd6 19. Rfe1 e6 20. Re4 Rad8 21. g3 h5 22. Nc5 Nc7 23. Rc4 a5 24. Nb7 Rd1+ 25. Rxd1 Rxd1+ 26. Kg2 Rb1 27. b3 Rb2 28. Nxa5 Nb5 29. a4 Na3 30. Rxc6 Nxc2 31. Rc3 Kf6 32. Nc6 g5 33. h3 g4 34. hxg4 hxg4 35. a5 Ra2 36. b4 Ne1+ 37. Kf1 Nf3 38. b5 Nd2+ 39. Kg2 Ne4 40. Rc4 Kf5 41. Rxe4 Kxe4 42. a6 Ra4 43. a7 Kd5 44. Nb4+ 1-0

[Event "Titled Tuesday intern op 06th Jun Late"]
[Site "Chess.com INT"]
[Date "2023.06.06"]
[Round "2"]
[White "Duda, Jan Krzysztof"]
[Black "Krsnik Cohar, Ivan Vihor"]
[Result "1-0"]
[WhiteElo "2732"]
[BlackElo "2336"]
[PlyCount "47"]
[EventDate "2023.06.06"]
[EventType "swiss (blitz)"]
[EventRounds "11"]
[EventCountry "USA"]
[SourceTitle "EXT 2024"]
[Source "ChessBase"]
[SourceDate "2023.10.10"]
[SourceVersion "1"]
[SourceVersionDate "2023.10.10"]
[SourceQuality "1"]

1. e4 c5 2. Nf3 g6 3. c4 Nc6 4. d4 cxd4 5. Nxd4 Bg7 6. Be3 Nf6 7. Nc3 d6 8. f3 Bd7 9. Qd2 Nxd4 10. Bxd4 a5 11. 0-0-0 a4 12. a3 Rc8 13. Kb1 0-0 14. g4 Be6 15. Nxa4 Bxc4 16. Nb6 Bxf1 17. Nxc8 Bc4 18. Nb6 Be6 19. h4 Nd7 20. Nxd7 Qxd7 21. Bxg7 Kxg7 22. h5 Rg8 23. hxg6 fxg6 24. Qd4+ 1-0

[Event "Titled Tuesday intern op 06th Jun Late"]
[Site "Chess.com INT"]
[Date "2023.06.06"]
[Round "6"]
[White "Sairam, Pranav"]
[Black "Krsnik Cohar, Ivan Vihor"]
[Result "0-1"]
[WhiteElo "1975"]
[BlackElo "2336"]
[PlyCount "36"]
[EventDate "2023.06.06"]
[EventType "swiss (blitz)"]
[EventRounds "11"]
[EventCountry "USA"]
[SourceTitle "EXT 2024"]
[Source "ChessBase"]
[SourceDate "2023.10.10"]
[SourceVersion "1"]
[SourceVersionDate "2023.10.10"]
[SourceQuality "1"]

1. e4 c5 2. Nf3 g6 3. d4 cxd4 4. Nxd4 Nf6 5. Nc3 Nc6 6. Be3 Bg7 7. Bc4 0-0 8. 0-0 Nxe4 9. Nxc6 Nxc3 10. Nxd8 Nxd1 11. Nxf7 Nxe3 12. fxe3 d5 13. Bxd5 e6 14. Nd6 exd5 15. Rad1 Rd8 16. Rxd5 Bf8 17. Rfd1 Be6 18. Re5 Bxd6 0-1

[Event "Titled Tuesday intern op 16th May Early"]
[Site "Chess.com INT"]
[Date "2023.05.16"]
[Round "7"]
[White "Krsnik Cohar, Ivan Vihor"]
[Black "Gurevich, Dmitry"]
[Result "0-1"]
[WhiteElo "2336"]
[BlackElo "2393"]
[PlyCount "56"]
[EventDate "2023.05.16"]
[EventType "swiss (blitz)"]
[EventRounds "11"]
[EventCountry "USA"]
[SourceTitle "CBM 214 Extra"]
[Source "ChessBase"]
[SourceDate "2023.07.31"]
[SourceVersion "1"]
[SourceVersionDate "2023.07.31"]
[SourceQuality "1"]

1. e4 c5 2. Ne2 d6 3. g3 Nf6 4. Bg2 g6 5. c3 Bg7 6. d4 cxd4 7. cxd4 0-0 8. Nbc3 Nc6 9. h3 Bd7 10. Be3 a6 11. 0-0 b5 12. Rc1 Rc8 13. Qd2 e5 14. f4 exd4 15. Nxd4 Re8 16. Nxc6 Bxc6 17. Bd4 b4 18. Nd5 Nxe4 19. Bxe4 Rxe4 20. Bxg7 Kxg7 21. Rce1 Bxd5 22. Qxd5 Qb6+ 23. Kh1 Rxe1 24. Rxe1 Qf2 25. Rd1 Rc2 26. Qd4+ Qxd4 27. Rxd4 Rxb2 28. g4 a5 0-1

[Event "Titled Tuesday intern op 16th May Early"]
[Site "Chess.com INT"]
[Date "2023.05.16"]
[Round "1"]
[White "Sarana, Alexey"]
[Black "Krsnik Cohar, Ivan Vihor"]
[Result "1-0"]
[WhiteElo "2685"]
[BlackElo "2336"]
[PlyCount "101"]
[EventDate "2023.05.16"]
[EventType "swiss (blitz)"]
[EventRounds "11"]
[EventCountry "USA"]
[SourceTitle "CBM 214 Extra"]
[Source "ChessBase"]
[SourceDate "2023.07.31"]
[SourceVersion "1"]
[SourceVersionDate "2023.07.31"]
[SourceQuality "1"]

1. c4 Nf6 2. d4 e6 3. Nc3 Be7 4. e4 d6 5. Bd3 Nbd7 6. Nge2 0-0 7. f3 e5 8. Be3 exd4 9. Nxd4 Re8 10. 0-0 a5 11. b3 Nc5 12. Be2 g6 13. Qd2 Nh5 14. Rfd1 c6 15. Rab1 Qc7 16. a3 b6 17. b4 axb4 18. axb4 Ne6 19. b5 Nxd4 20. Bxd4 c5 21. Nd5 Qd8 22. Bc3 Be6 23. Nxe7+ Qxe7 24. Qxd6 Qg5 25. Bd2 Qd8 26. Be3 Qb8 27. g4 Nf6 28. Bf4 Qxd6 29. Rxd6 Nd7 30. Rbd1 Ra7 31. h4 Kg7 32. Kf2 h6 33. R1d2 Rb7 34. Ra2 f6 35. Ra6 Kf7 36. Bxh6 Rh8 37. g5 Ke7 38. Rc6 Ne5 39. Rcxb6 Rxb6 40. Rxb6 Nxc4 41. Rc6 Ne5 42. Rxc5 Nd7 43. gxf6+ Kf7 44. Bg7 Rxh4 45. Rc7 Rh2+ 46. Ke3 Ke8 47. b6 Kd8 48. Bb5 Nxb6 49. f7 Bxf7 50. Rxf7 Nd7 51. Rxd7+ 1-0

[Event "Titled Tuesday intern op 02nd May Early"]
[Site "Chess.com INT"]
[Date "2023.05.02"]
[Round "9"]
[White "Besou, Hussain"]
[Black "Krsnik Cohar, Ivan Vihor"]
[Result "1-0"]
[WhiteElo "2304"]
[BlackElo "2336"]
[PlyCount "111"]
[EventDate "2023.05.02"]
[EventType "swiss (blitz)"]
[EventRounds "11"]
[EventCountry "USA"]
[SourceTitle "EXT 2024"]
[Source "ChessBase"]
[SourceDate "2023.10.10"]
[SourceVersion "1"]
[SourceVersionDate "2023.10.10"]
[SourceQuality "1"]

1. e4 c5 2. Nf3 g6 3. d4 cxd4 4. Qxd4 Nf6 5. e5 Nc6 6. Qa4 Nd5 7. Qe4 Ndb4 8. Bb5 Qa5 9. Nc3 d5 10. exd6 Bf5 11. Bxc6+ bxc6 12. d7+ Kd8 13. Qe5 Nxc2+ 14. Kd1 Qxe5 15. Nxe5 Nxa1 16. Nxf7+ Kxd7 17. Nxh8 Ke6 18. Bg5 Bg7 19. Re1+ Kd6 20. Nf7+ Kc5 21. Bxe7+ Kb6 22. Nd6 Nc2 23. Nxf5 Nxe1 24. Nxg7 Nd3 25. Kc2 Nxf2 26. Ne6 Ng4 27. Bc5+ Kb7 28. h3 Nf6 29. Bd4 Nd7 30. Ne4 a5 31. Nd6+ Kb8 32. Be3 a4 33. Bf4 Ka7 34. Nd4 Kb6 35. Be3 Kc5 36. Ne4+ Kd5 37. Nc3+ Kd6 38. Bf4+ Kc5 39. Ne6+ Kb6 40. Be3+ Kb7 41. Nc5+ Nxc5 42. Bxc5 Kc7 43. a3 Kd7 44. Kd3 Ke6 45. Ke4 Ra6 46. Ne2 Ra8 47. Nd4+ Kd7 48. Kd3 Rb8 49. Kc3 Re8 50. Kb4 Re3 51. Nxc6 Rg3 52. Ne5+ Ke6 53. Nc4 Rxg2 54. Kxa4 Rh2 55. Kb5 Rxh3 56. a4 1-0

[Event "Titled Tuesday intern op 02nd May Early"]
[Site "Chess.com INT"]
[Date "2023.05.02"]
[Round "8"]
[White "Krsnik Cohar, Ivan Vihor"]
[Black "Dobrijevic, Milan"]
[Result "1-0"]
[WhiteElo "2336"]
[BlackElo "2208"]
[PlyCount "45"]
[EventDate "2023.05.02"]
[EventType "swiss (blitz)"]
[EventRounds "11"]
[EventCountry "USA"]
[SourceTitle "EXT 2024"]
[Source "ChessBase"]
[SourceDate "2023.10.10"]
[SourceVersion "1"]
[SourceVersionDate "2023.10.10"]
[SourceQuality "1"]

1. e4 c5 2. Ne2 g6 3. g3 Bg7 4. Bg2 Nc6 5. c3 Nf6 6. d4 cxd4 7. cxd4 0-0 8. e5 Ne8 9. 0-0 d6 10. f4 Bg4 11. d5 Qb6+ 12. Kh1 Na5 13. h3 Bxe2 14. Qxe2 Rc8 15. b3 dxe5 16. fxe5 Nd6 17. exd6 Bxa1 18. dxe7 Rfe8 19. Ba3 Bf6 20. d6 Qd4 21. Rxf6 Qxf6 22. d7 Rc1+ 23. Bxc1 1-0

[Event "Titled Tuesday intern op 02nd May Early"]
[Site "Chess.com INT"]
[Date "2023.05.02"]
[Round "3"]
[White "Krsnik Cohar, Ivan Vihor"]
[Black "Szente Varga, Fruzsina"]
[Result "1-0"]
[WhiteElo "2336"]
[BlackElo "2075"]
[PlyCount "75"]
[EventDate "2023.05.02"]
[EventType "swiss (blitz)"]
[EventRounds "11"]
[EventCountry "USA"]
[SourceTitle "EXT 2024"]
[Source "ChessBase"]
[SourceDate "2023.10.10"]
[SourceVersion "1"]
[SourceVersionDate "2023.10.10"]
[SourceQuality "1"]

1. e4 e5 2. Nf3 Nc6 3. Bb5 a6 4. Ba4 Nf6 5. 0-0 Be7 6. Re1 b5 7. Bb3 0-0 8. h3 d6 9. c3 Na5 10. Bc2 c5 11. d4 Nc6 12. b3 Qc7 13. d5 Na5 14. Be3 c4 15. b4 Nb7 16. a4 Bd7 17. a5 Rae8 18. Nbd2 h6 19. Nf1 Nh7 20. Ng3 Qc8 21. Kh2 Kh8 22. Rf1 Rg8 23. Ne2 Bf8 24. Nh4 g6 25. Qd2 Qd8 26. g3 Qc8 27. g4 Qd8 28. Ng2 h5 29. f3 f5 30. exf5 gxf5 31. gxf5 Qf6 32. Ng3 Qg7 33. Nxh5 Qf7 34. Ng3 Nd8 35. Nh4 Be7 36. Ng6+ Kg7 37. Bh6+ Kf6 38. Nh5# 1-0

[Event "Titled Tuesday intern op 02nd May Early"]
[Site "Chess.com INT"]
[Date "2023.05.02"]
[Round "7"]
[White "Ljukin, Sergei"]
[Black "Krsnik Cohar, Ivan Vihor"]
[Result "1-0"]
[WhiteElo "2362"]
[BlackElo "2336"]
[PlyCount "87"]
[EventDate "2023.05.02"]
[EventType "swiss (blitz)"]
[EventRounds "11"]
[EventCountry "USA"]
[SourceTitle "EXT 2024"]
[Source "ChessBase"]
[SourceDate "2023.10.10"]
[SourceVersion "1"]
[SourceVersionDate "2023.10.10"]
[SourceQuality "1"]

1. e4 c5 2. Nf3 g6 3. c4 Bg7 4. d4 cxd4 5. Nxd4 Nc6 6. Be3 d6 7. Nc3 Nf6 8. Be2 Bd7 9. 0-0 Nxd4 10. Bxd4 0-0 11. f4 Bc6 12. Bf3 Nd7 13. Bxg7 Kxg7 14. b4 Qb6+ 15. c5 Qxb4 16. Nd5 Qxc5+ 17. Kh1 Bxd5 18. exd5 Rac8 19. Re1 Rfe8 20. Qa4 Nf6 21. Rab1 Rc7 22. h3 b6 23. Rbc1 Qxc1 24. Rxc1 Rxc1+ 25. Kh2 Rc7 26. g4 Rb8 27. Qd4 Kg8 28. Qe3 b5 29. g5 Ne8 30. h4 Rbc8 31. h5 Rc3 32. Qe4 Ng7 33. Bg4 Rc2+ 34. Kg1 R8c7 35. h6 Rd2 36. Bh3 Nf5 37. Qe1 Rdc2 38. Qe4 Rxa2 39. Qb1 Rac2 40. Qxb5 Rc8 41. Bxf5 gxf5 42. Qd3 Ra2 43. Qb1 Rcc2 44. Qb8+ 1-0

[Event "Titled Tuesday intern op 02nd May Early"]
[Site "Chess.com INT"]
[Date "2023.05.02"]
[Round "4"]
[White "Sieciechowicz, Marcin"]
[Black "Krsnik Cohar, Ivan Vihor"]
[Result "1-0"]
[WhiteElo "2387"]
[BlackElo "2336"]
[PlyCount "45"]
[EventDate "2023.05.02"]
[EventType "swiss (blitz)"]
[EventRounds "11"]
[EventCountry "USA"]
[SourceTitle "EXT 2024"]
[Source "ChessBase"]
[SourceDate "2023.10.10"]
[SourceVersion "1"]
[SourceVersionDate "2023.10.10"]
[SourceQuality "1"]

1. d4 Nf6 2. Bf4 d6 3. e3 Nbd7 4. Nf3 g6 5. h3 Bg7 6. Be2 0-0 7. 0-0 c6 8. c3 Qc7 9. Bh2 e5 10. Nbd2 Rd8 11. Qc2 a6 12. Nc4 b5 13. Nxd6 Qxd6 14. dxe5 Qe6 15. Nd4 Qe8 16. Nxc6 Nd5 17. Nxd8 Qxd8 18. Bf3 Nxe5 19. Bxe5 Bxe5 20. Rfd1 Bb7 21. Bxd5 Bxd5 22. Qd3 Qc7 23. Qxd5 1-0

[Event "Titled Tuesday intern op 18th Apr Early"]
[Site "Chess.com INT"]
[Date "2023.04.18"]
[Round "4"]
[White "Krsnik Cohar, Ivan Vihor"]
[Black "Ansh, M Shah"]
[Result "1-0"]
[WhiteElo "2336"]
[BlackElo "2171"]
[PlyCount "43"]
[EventDate "2023.04.18"]
[EventType "swiss (blitz)"]
[EventRounds "11"]
[EventCountry "USA"]
[SourceTitle "EXT 2024"]
[Source "ChessBase"]
[SourceDate "2023.10.10"]
[SourceVersion "1"]
[SourceVersionDate "2023.10.10"]
[SourceQuality "1"]

1. e4 c6 2. Nf3 d5 3. exd5 cxd5 4. d4 Nc6 5. c4 Nf6 6. Nc3 Bg4 7. cxd5 Nxd5 8. Bb5 Rc8 9. h3 Bh5 10. g4 Bg6 11. Ne5 e6 12. Qa4 Be7 13. Nxc6 bxc6 14. Bxc6+ Kf8 15. Nxd5 exd5 16. Be3 Qb6 17. Rc1 Qxb2 18. 0-0 Be4 19. Bxd5 Rxc1 20. Rxc1 Qxc1+ 21. Bxc1 Bxd5 22. Qb5 1-0

[Event "Titled Tuesday intern op 18th Apr Early"]
[Site "Chess.com INT"]
[Date "2023.04.18"]
[Round "6"]
[White "Yuan, Qingyu"]
[Black "Krsnik Cohar, Ivan Vihor"]
[Result "1-0"]
[WhiteElo "2373"]
[BlackElo "2336"]
[PlyCount "43"]
[EventDate "2023.04.18"]
[EventType "swiss (blitz)"]
[EventRounds "11"]
[EventCountry "USA"]
[SourceTitle "EXT 2024"]
[Source "ChessBase"]
[SourceDate "2023.10.10"]
[SourceVersion "1"]
[SourceVersionDate "2023.10.10"]
[SourceQuality "1"]

1. e4 c5 2. Nf3 g6 3. c3 Bg7 4. d4 cxd4 5. cxd4 d5 6. e5 Bg4 7. Bb5+ Nc6 8. 0-0 Nh6 9. Bxh6 Bxh6 10. h3 Bxf3 11. Qxf3 0-0 12. Bxc6 bxc6 13. Nc3 e6 14. Na4 f6 15. Qe2 fxe5 16. Qxe5 Qf6 17. Rae1 Bg7 18. Qxe6+ Qxe6 19. Rxe6 Bxd4 20. Rxc6 Rxf2 21. Rxf2 Rf8 22. Rcc2 1-0

[Event "Titled Tuesday intern op 11th Apr Early"]
[Site "Chess.com INT"]
[Date "2023.04.11"]
[Round "7"]
[White "Krsnik Cohar, Ivan Vihor"]
[Black "Novikova, Galina"]
[Result "1-0"]
[WhiteElo "2336"]
[BlackElo "2073"]
[PlyCount "87"]
[EventDate "2023.04.11"]
[EventType "swiss (blitz)"]
[EventRounds "11"]
[EventCountry "USA"]
[SourceTitle "CBM 213 Extra"]
[Source "ChessBase"]
[SourceDate "2023.05.31"]
[SourceVersion "1"]
[SourceVersionDate "2023.05.31"]
[SourceQuality "1"]

1. d4 e6 2. Nf3 f5 3. c3 Nf6 4. Bg5 Be7 5. Nbd2 0-0 6. Bxf6 Bxf6 7. e4 d6 8. Bc4 Kh8 9. 0-0 Nc6 10. exf5 exf5 11. Re1 Ne7 12. Qb3 Ng6 13. Be6 Nf4 14. Bxc8 Rxc8 15. g3 Ng6 16. Qxb7 Rb8 17. Qxa7 Rxb2 18. Nc4 Rc2 19. Rac1 Rxc1 20. Rxc1 f4 21. Qb7 fxg3 22. hxg3 Bg5 23. Re1 d5 24. Nce5 Nxe5 25. Nxe5 Bd2 26. Rd1 Bxc3 27. Rd3 Ba5 28. a4 Bb6 29. Kg2 Qa8 30. Rf3 Rb8 31. Qxa8 Rxa8 32. a5 Bxd4 33. Nc6 Bc5 34. Rf5 h6 35. Rxd5 Bd6 36. Rb5 Kh7 37. f4 Ra6 38. Nd4 c5 39. Nf5 Bc7 40. Rxc5 Bxa5 41. Nh4 Bd2 42. f5 Bg5 43. Ng6 Rf6 44. g4 1-0

[Event "Titled Tuesday intern op 04th Apr Early"]
[Site "Chess.com INT"]
[Date "2023.04.04"]
[Round "5"]
[White "Fernandez Siles, Luis"]
[Black "Krsnik Cohar, Ivan Vihor"]
[Result "1/2-1/2"]
[WhiteElo "2222"]
[BlackElo "2336"]
[PlyCount "68"]
[EventDate "2023.04.04"]
[EventType "swiss (blitz)"]
[EventRounds "11"]
[EventCountry "USA"]
[SourceTitle "EXT 2024"]
[Source "ChessBase"]
[SourceDate "2023.10.10"]
[SourceVersion "1"]
[SourceVersionDate "2023.10.10"]
[SourceQuality "1"]

1. d4 Nf6 2. c4 e6 3. Nc3 Bb4 4. e3 b6 5. Nge2 0-0 6. a3 Be7 7. e4 d6 8. g3 Bb7 9. Bg2 a5 10. 0-0 e5 11. Nd5 c6 12. Nxe7+ Qxe7 13. d5 Ba6 14. b3 a4 15. Nc3 axb3 16. Qxb3 Qc7 17. Bg5 Nbd7 18. dxc6 Qxc6 19. Nb5 Nxe4 20. Be7 Ndc5 21. Qe3 Rfe8 22. Nxd6 Rxe7 23. Nxe4 Rc8 24. Ng5 Qh6 25. Bd5 Kf8 26. f4 exf4 27. Qxf4 f6 28. Rae1 Rce8 29. Qd6 Qxg5 30. Rxe7 Rxe7 31. Qd8+ Re8 32. Qd6+ Re7 33. Qd8+ Re8 34. Qd6+ Re7 1/2-1/2

[Event "Titled Tuesday intern op 04th Apr Early"]
[Site "Chess.com INT"]
[Date "2023.04.04"]
[Round "11"]
[White "Krsnik Cohar, Ivan Vihor"]
[Black "Sokolovsky, Yahli"]
[Result "0-1"]
[WhiteElo "2336"]
[BlackElo "2464"]
[PlyCount "100"]
[EventDate "2023.04.04"]
[EventType "swiss (blitz)"]
[EventRounds "11"]
[EventCountry "USA"]
[SourceTitle "EXT 2024"]
[Source "ChessBase"]
[SourceDate "2023.10.10"]
[SourceVersion "1"]
[SourceVersionDate "2023.10.10"]
[SourceQuality "1"]

1. e4 d6 2. Nf3 g6 3. Nc3 Bg7 4. d4 a6 5. a4 b6 6. Bc4 Bd7 7. 0-0 e6 8. Re1 Ne7 9. b4 0-0 10. a5 c5 11. bxc5 bxc5 12. Be3 Nbc6 13. Qd2 Nxa5 14. Bf1 cxd4 15. Bxd4 Qc7 16. Red1 e5 17. Be3 Rfc8 18. Qxd6 Qxd6 19. Rxd6 Be6 20. Na4 Nb7 21. Rb6 Nd8 22. Nc5 a5 23. Ng5 Rc6 24. Ncxe6 Nxe6 25. Nxe6 fxe6 26. Rxc6 Nxc6 27. Bc4 Kf7 28. Bb3 Nd4 29. Bd2 Nc6 30. Kf1 Bf8 31. Ba4 Nd4 32. Rb1 Ra7 33. c3 Bc5 34. cxd4 exd4 35. e5 d3 36. Rb5 Bd4 37. Rxa5 Rc7 38. g3 Rb7 39. Be3 Rb1+ 40. Kg2 Bxe3 41. fxe3 Ra1 42. Ra7+ Kf8 43. Kf3 d2 44. Ke2 d1Q+ 45. Bxd1 Rxa7 46. Bb3 Ke7 47. Kf3 Ra5 48. Kf4 Ra3 49. Bc4 Ra1 50. h4 Ra4 0-1

[Event "Titled Tuesday intern op 04th Apr Early"]
[Site "Chess.com INT"]
[Date "2023.04.04"]
[Round "6"]
[White "Krsnik Cohar, Ivan Vihor"]
[Black "Todorovic, Bojan"]
[Result "1-0"]
[WhiteElo "2336"]
[BlackElo "2217"]
[PlyCount "101"]
[EventDate "2023.04.04"]
[EventType "swiss (blitz)"]
[EventRounds "11"]
[EventCountry "USA"]
[SourceTitle "EXT 2024"]
[Source "ChessBase"]
[SourceDate "2023.10.10"]
[SourceVersion "1"]
[SourceVersionDate "2023.10.10"]
[SourceQuality "1"]

1. e4 g6 2. Nf3 Bg7 3. d4 d6 4. Nc3 a6 5. a4 Nc6 6. Bc4 Nf6 7. 0-0 0-0 8. h3 e5 9. dxe5 Nxe5 10. Nxe5 dxe5 11. Bg5 Qd4 12. Bb3 h6 13. Be3 Qb4 14. Qf3 Be6 15. Ra3 Rfe8 16. Bxe6 Rxe6 17. Rb3 Qc4 18. Rxb7 Rd8 19. Rd1 Rxd1+ 20. Qxd1 Rd6 21. Qf1 Qc6 22. Rb8+ Kh7 23. Rb4 a5 24. Rc4 Qb7 25. b3 c6 26. f3 h5 27. Rc5 Nd7 28. Rc4 h4 29. Qf2 Bf6 30. Kh2 Kg7 31. Ne2 Rd1 32. Nc3 Ra1 33. Qd2 Nf8 34. Bh6+ Kg8 35. Bg5 Kg7 36. Bxf6+ Kxf6 37. Qh6 Ne6 38. Qxh4+ Kg7 39. Qf2 Qe7 40. Ne2 Qg5 41. Rxc6 Nf4 42. Nxf4 Qxf4+ 43. g3 Qc1 44. Qg2 Qe1 45. Rd6 Rc1 46. Rd2 Qe3 47. Re2 Qc3 48. h4 f6 49. Kh3 Kh6 50. g4 Qa1 51. Kh2 1-0